Trips and biodiversity : (Registro nro. 2292)

Detalles MARC
000 -CABECERA
Campo de control 01011nam a22002777a 4500
005 - FECHA Y HORA DE LA ULTIMA TRANSACCION
Campo de control 20180803165003.0
008 - ELEMENTOS DE LONGITUD FIJA—INFORMACION GENERAL
Campo de control 000211s1998 my b 000 0 eng
020 ## - ISBN
ISBN 9839747193
040 ## - FUENTE DE CATALOGACIÓN
Agencia catalogadora original DLC
Agencia transcriptora DLC
Agencia Modificadora CO-BoIAVH
041 0# - IDIOMA
Código de idioma para texto/pista de sonido o título separado Inglés
044 ## - PAÍS DE PUBLICACIÓN
País de publicación Colombia
082 04 - NUMERO DE CLASIFICACION DECIMAL DEWEY
Número de clasificación 333.72089
Número del ítem N69t
100 1# - ASIENTO PRINCIPAL--NOMBRE PERSONAL
Nombre personal Nijar, Gurdial Singh.
9 (RLIN) 55127
245 10 - MENCION DE TITULO
Título Trips and biodiversity :
Parte restante del título the threat and responses ; the third world view /
Mención de responsabilidad Gurdial Singh Nijar.
246 30 - FORMA VARIANTE DEL TITULO
Título propiamente dicho/forma breve del título Trade-related intellectual property rights
246 14 - FORMA VARIANTE DEL TITULO
Título propiamente dicho/forma breve del título TRIPs (Trade-related intellectual property rights) and biodiversity
260 ## - PUBLICACION, DISTRIBUCION, ETC. (PIE DE IMPRENTA)
Lugar de publicación, distribución, etc. Penang, Malaysia :
Nombre del editor, distribuidor, etc. Third World Network,
Fecha de publicación, distribución, etc. c1996.
300 ## - DESCRIPCION FISICA
Extensión 37 páginas ;
Dimensiones 21 x 15 cm.
490 0# - MENCION DE SERIE
Mención de serie Paper / TWN, Third World Network ;
Designación numérica/secuencial del volumen 2
504 ## - NOTA DE BIBLIOGRAFIA, ETC.
Nota de bibliografía Incluye referencias bibliográficas (páginas 36-37).
650 #6 - ASIENTO SECUNDARIO DE MATERIA - TERMINO TEMATICO
Término temático o nombre geográfico como elemento de entrada Biodiversidad
9 (RLIN) 92204
650 #4 - ASIENTO SECUNDARIO DE MATERIA - TERMINO TEMATICO
Término temático o nombre geográfico como elemento de entrada Comunidades indígenas
9 (RLIN) 55129
650 #6 - ASIENTO SECUNDARIO DE MATERIA - TERMINO TEMATICO
Término temático o nombre geográfico como elemento de entrada Comunidades locales
9 (RLIN) 3678
650 #6 - ASIENTO SECUNDARIO DE MATERIA - TERMINO TEMATICO
Término temático o nombre geográfico como elemento de entrada Derecho de propiedad intelectual
9 (RLIN) 55130
942 ## - ELEMENTOS ADICIONALES (KOHA)
Sistema de clasificación Dewey Decimal Classification
Tipo de ítem Libro
Existencias
Withdrawn status Lost status Sistema de Clasificación Damaged status No para préstamo Colección Inventariado Ubicación Permanente Ubicación actual Fecha de adquisición Fuente de Valor Valor Total Checkouts Número topográfico Inventario / Código de Barras Date last seen Ejemplar Price effective from Tipo de material
    Dewey Decimal Classification     General Inventariado 2017 Bogotá Bogotá 15/05/2001 Instituto 39000.00   LB-333.72089 N69t 002863 04/12/2012 Ej. 1 04/12/2012 Libro